|
|
|
|
| LEADER |
00000nab a2200000 a 4500 |
| 001 |
vtls000529121 |
| 003 |
SK-MaSNL |
| 005 |
20260426080337.0 |
| 008 |
250425c1994 xo 0 slo |
| 015 |
|
|
|a SNBRB19rr/mm-uuuuu
|
| 035 |
|
|
|a CL0529259
|
| 035 |
|
|
|a urn:nbn:sk:snk-abalhy
|
| 035 |
|
|
|a (urnnbn)urn:nbn:sk:snk:ar-0082kj
|
| 035 |
|
|
|a (uuid)90635e4f-ccef-467f-a82c-2200a17a0f19
|
| 040 |
|
|
|a SNKBUCL
|b slo
|c SNKBUCL
|e AACR2
|
| 041 |
0 |
|
|a slo
|
| 044 |
|
|
|a xo
|c SK
|
| 080 |
|
|
|a 323(437.6)
|2 1981
|
| 100 |
1 |
|
|a Pekník, Miroslav,
|d 1950-
|4 aut
|9 89420
|
| 245 |
1 |
0 |
|a Hra o parlament
|b Formovanie politickej scény na Slovensku pred voľbami 1994
|c Miroslav Pekník
|
| 300 |
|
|
|b Fotogr. 3
|
| 650 |
0 |
7 |
|a vnútorná politika
|2 snkbucl
|9 970
|
| 651 |
|
7 |
|a Slovensko
|2 snkbucl
|9 14231
|
| 655 |
|
7 |
|a články z novín a časopisov
|2 snkbucl
|9 267496
|
| 773 |
0 |
|
|t Literárny týždenník
|g Roč. 7, č. 38 (1994), s. 1 a 12-13
|x 0862-5999
|
| 850 |
|
|
|a Slovenská národná knižnica
|
| 852 |
|
|
|a Slovenská národná knižnica
|
| 954 |
|
|
|a odborná, vedecká literatúra pôvodná (slovenská)
|2 lita
|
| 958 |
|
|
|a article14
|
| 958 |
|
|
|a BX
|
| 958 |
|
|
|a RK
|
| 958 |
|
|
|a OND
|
| 958 |
|
|
|a EUIPO
|
| 999 |
|
|
|c 2804539
|d 2806469
|